| 000 | 00447nam a2200181Ia 4500 | ||
|---|---|---|---|
| 003 | 0100 | ||
| 008 | 130303s9999 xx 000 0 und d | ||
| 040 | _cARRUPELIB | ||
| 050 | _aRA644.A25A3621988 | ||
| 100 | _aPierce, Christine Vandeveer, Donald | ||
| 245 | _aAids | ||
| 245 | _bEthics and Public Policy | ||
| 260 | _aBelmont, California | ||
| 260 | _bWadsworth Publishing Company, INC | ||
| 260 | _C1988 | ||
| 300 | _a241p | ||
| 942 | 0 | 0 | _01 |
| 999 |
_c21532 _d21532 |
||